The Israeli-Palestinian conflict / (Record no. 751300)

MARC details
000 -LEADER
fixed length control field 00652cam a2200193 i 4500
020 ## - INTERNATIONAL STANDARD BOOK NUMBER
ISBN 9781399818339
082 ## - DEWEY DECIMAL CLASSIFICATION NUMBER
Classification number 956.953 044 ROS/I
100 1# - MAIN ENTRY--AUTHOR NAME
Personal name Ross, Stewart,
245 14 - TITLE STATEMENT
Title The Israeli-Palestinian conflict /
Statement of responsibility, etc by Stewart Ross.
260 ## - PUBLICATION, DISTRIBUTION, ETC. (IMPRINT)
Place of publication . - U.K
Name of publisher : Hodder Education
Year of publication , 2024
300 ## - PHYSICAL DESCRIPTION
Number of Pages xvi, 332 pages :
Other physical details maps ;
490 1# - SERIES STATEMENT
Series statement Teach yourself
500 ## - GENERAL NOTE
General note Originally published as: Teach yourself the Israeli-Palestinian conflict. 2007.
504 ## - BIBLIOGRAPHY, ETC. NOTE
Bibliography, etc Includes bibliographical references (pages 284-285) and index.
650 #0 - SUBJECT ADDED ENTRY--TOPICAL TERM
Topical Term Arab-Israeli conflict.
700 1# - ADDED ENTRY--PERSONAL NAME
Personal name Ross, Stewart.
942 ## - ADDED ENTRY ELEMENTS (KOHA)
Source of classification or shelving scheme Dewey Decimal Classification
Koha item type Book
Holdings
Withdrawn status Lost status Source of classification or shelving scheme Damaged status Not for loan Home Library Current Location Date acquired Full call number Accession Number Price effective from Koha item type
    Dewey Decimal Classification     Dept. of Political Science Dept. of Political Science 01/03/2025 956.953 044 ROS/I POL23764 11/09/2025 Book